Normal view
MARC view
- Drury. W. P
Entry Personal Name
001 - CONTROL NUMBER
- control field: 107270
003 - CONTROL NUMBER IDENTIFIER
- control field: NUST
005 - DATE AND TIME OF LATEST TRANSACTION
- control field: 20230120153406.0
008 - FIXED-LENGTH DATA ELEMENTS
- fixed length control field: 230120|| aca||aabn | a|a d
040 ## - CATALOGING SOURCE
- Original cataloging agency: NUST
- Transcribing agency: NUST
100 ## - HEADING--PERSONAL NAME
- Personal name: Drury. W. P
670 ## - SOURCE DATA FOUND
- Source citation: Work cat.: (NUST)186817: Drury. W. P, The Passing of The Flagship /
